[Event "NJSK 2019 Jeugd A"]
[Site "Assen, Netherlands"]
[Date "2019.04.30"]
[Round "3.10"]
[White "Emans, Job"]
[Black "Van Aken, Jelmer"]
[Result "1-0"]
[WhiteElo "1945"]
[BlackElo "1698"]
[PlyCount "87"]
[EventDate "2019.??.??"]

1. d4 Nf6 2. c4 e6 3. Nf3 b6 4. g3 Ba6 5. Qc2 Bb4+ 6. Bd2 Be7 7. Bg2 c6 8. O-O
O-O 9. b3 d5 10. Rd1 Nbd7 11. Bc1 Rc8 12. Ba3 c5 13. cxd5 cxd4 14. Qb2 Bxa3 15.
Nxa3 e5 16. e3 dxe3 17. fxe3 e4 18. Ne5 Nxe5 19. Qxe5 Re8 20. Qd4 Rc5 21. d6
Bd3 22. Rxd3 exd3 23. Qxd3 Qc8 24. Rd1 Rc3 25. Qd2 Qc5 26. Nc4 Rxc4 27. bxc4
Rxe3 28. Kh1 Re8 29. Qf4 h6 30. h3 Nd7 31. Bd5 Nf6 32. Bg2 Rd8 33. h4 Ne8 34.
d7 Nf6 35. Bh3 Qc6+ 36. Kh2 Qe4 37. Qd2 Qe5 38. Re1 Qc7 39. Rd1 Ne4 40. Qe3 Nf6
41. Qe7 Qb8 42. a4 Qc7 43. Rd6 Nh7 44. Rc6 1-0

[Event "NJSK 2019 Jeugd A"]
[Site "Assen, Netherlands"]
[Date "2019.05.02"]
[Round "5.1"]
[White "Vrolijk, Liam"]
[Black "Warmerdam, Max"]
[Result "1/2-1/2"]
[WhiteElo "2465"]
[BlackElo "2472"]
[PlyCount "60"]
[EventDate "2019.??.??"]

1. c4 e5 2. Nc3 Nf6 3. Nf3 Nc6 4. e3 Bb4 5. Qc2 O-O 6. Nd5 Re8 7. Qf5 d6 8.
Nxf6+ gxf6 9. Qh5 e4 10. Nd4 d5 11. Nxc6 bxc6 12. a3 Re5 13. Qd1 Bf8 14. cxd5
cxd5 15. d4 Rg5 16. Bd2 a5 17. b4 axb4 18. axb4 Bg4 19. Rxa8 Qxa8 20. f3 exf3
21. gxf3 Bh5 22. Be2 Qa3 23. b5 Bd6 24. Kf2 Qa2 25. f4 Bxe2 26. Qxe2 Rg6 27.
Rg1 Qc2 28. Rg3 f5 29. Be1 Qb1 30. Kg2 Qe4+ 1/2-1/2

[Event "NJSK 2019 Jeugd A"]
[Site "Assen, Netherlands"]
[Date "2019.05.02"]
[Round "5.3"]
[White "Ypma, Jord"]
[Black "Van Dael, Siem"]
[Result "0-1"]
[WhiteElo "1854"]
[BlackElo "2206"]
[PlyCount "104"]
[EventDate "2019.??.??"]

1. d4 Nf6 2. c4 g6 3. g3 Bg7 4. Bg2 O-O 5. Nc3 d6 6. Nf3 Nbd7 7. O-O e5 8. e4
exd4 9. Nxd4 Re8 10. Qc2 Ne5 11. b3 Bd7 12. Bb2 a6 13. Rfd1 c5 14. Nde2 b5 15.
Rxd6 bxc4 16. Nd5 Nxd5 17. Rxd5 Qc7 18. bxc4 Rab8 19. Bc3 Be6 20. Nf4 Bxd5 21.
Nxd5 Qc8 22. f4 Nc6 23. e5 Nd4 24. Qd2 Qf5 25. Ne3 Qh5 26. Bxd4 cxd4 27. Nd5
Qf5 28. Qxd4 Rb1+ 29. Bf1 Bxe5 30. Ne7+ Rxe7 31. Qd8+ Kg7 32. Rxb1 Rd7 33. Qe8
Bd4+ 34. Kg2 Qxb1 35. Qxd7 Qxa2+ 36. Kf3 Qf2+ 37. Ke4 Qe3+ 38. Kd5 Bf6 39. Qh3
Be7 40. Qg2 a5 41. Qe2 Qc5+ 42. Ke4 Qc6+ 43. Kd3 Bf6 44. Bg2 Qc5 45. Bd5 Qa3+
46. Kc2 Bc3 47. Kd3 Bb2+ 48. Kc2 Qc3+ 49. Kb1 Qc1+ 50. Ka2 Bd4 51. Bc6 Qa1+ 52.
Kb3 Qb1+ 0-1

[Event "NJSK 2019 Jeugd A"]
[Site "Assen, Netherlands"]
[Date "2019.05.02"]
[Round "5.4"]
[White "Pols, Wiggert"]
[Black "Van Roon, Sjoerd"]
[Result "1/2-1/2"]
[WhiteElo "2104"]
[BlackElo "2115"]
[PlyCount "91"]
[EventDate "2019.??.??"]

1. Nf3 d5 2. g3 c6 3. Bg2 Bg4 4. O-O Nd7 5. d4 Ngf6 6. c4 e6 7. cxd5 cxd5 8.
Bf4 Be7 9. Qb3 Qb6 10. Rc1 Qxb3 11. axb3 Bd8 12. Na3 O-O 13. Bd6 Bxf3 14. Bxf3
Re8 15. Nb5 Bb6 16. Nc7 Bxd4 17. Rab1 Ne5 18. Nxa8 Nxf3+ 19. exf3 Rxa8 20. Bc5
Bxc5 21. Rxc5 Ne8 22. Rbc1 Kf8 23. Rc8 Rxc8 24. Rxc8 Ke7 25. g4 h6 26. f4 Kd7
27. Rb8 Nd6 28. g5 h5 29. f5 exf5 30. Kf1 g6 31. Ke2 Ke6 32. Kd3 Ke5 33. b4 a6
34. b3 f4 35. f3 h4 36. h3 Kf5 37. Kd4 Ke6 38. Kc5 Ke5 39. Rd8 Ne4+ 40. fxe4
b6+ 41. Kc6 dxe4 42. Rd5+ Ke6 43. Rd6+ Ke5 44. Rd5+ Ke6 45. Rd6+ Ke5 46. Rd5+
1/2-1/2

[Event "NJSK 2019 Jeugd A"]
[Site "Assen, Netherlands"]
[Date "2019.05.02"]
[Round "5.5"]
[White "Elgersma, Simon"]
[Black "Mesman, Edwyn"]
[Result "1-0"]
[WhiteElo "2137"]
[BlackElo "2224"]
[PlyCount "95"]
[EventDate "2019.??.??"]

1. e4 c6 2. d4 d5 3. e5 Bf5 4. Nd2 e6 5. Nb3 Nd7 6. Nf3 h6 7. Be2 Ne7 8. O-O
Nc8 9. a4 Ncb6 10. a5 Nc4 11. Bxc4 dxc4 12. Nbd2 b5 13. axb6 Nxb6 14. Qe2 Qd5
15. b3 cxb3 16. c4 Qd8 17. Nxb3 Be7 18. h3 O-O 19. Ba3 Bxa3 20. Rxa3 Qe7 21.
Rfa1 Rfc8 22. Nc5 Rd8 23. Ra5 Qc7 24. R1a3 Qe7 25. Qa2 Nc8 26. Rb3 Nb6 27. Rba3
Nc8 28. Ra6 Qc7 29. Rb3 Nb6 30. Qa5 Qe7 31. Qa2 Qc7 32. Kh2 Kh7 33. Kh1 Kg8 34.
Rba3 Nc8 35. Rb3 Nb6 36. Rba3 Nc8 37. g4 Bg6 38. Rb3 Nb6 39. Rba3 Nc8 40. Rb3
Nb6 41. h4 h5 42. Rbxb6 axb6 43. Rxa8 bxc5 44. Ng5 Kf8 45. gxh5 Bf5 46. Qa3 Kg8
47. Qa7 Qxa7 48. Rxd8# 1-0

[Event "NJSK 2019 Jeugd A"]
[Site "Assen, Netherlands"]
[Date "2019.05.02"]
[Round "5.8"]
[White "Gijsen, William"]
[Black "Van Hoorn, Geert"]
[Result "0-1"]
[WhiteElo "2041"]
[BlackElo "1965"]
[PlyCount "116"]
[EventDate "2019.??.??"]

1. e4 c5 2. Nf3 d6 3. Bb5+ Bd7 4. Bxd7+ Qxd7 5. O-O e6 6. c3 Nf6 7. Re1 Nc6 8.
d4 cxd4 9. cxd4 d5 10. e5 Ne4 11. Be3 Be7 12. Nbd2 Nxd2 13. Nxd2 O-O 14. f4
Rac8 15. a3 Na5 16. Nf3 Qb5 17. b4 Nc4 18. Bc1 a5 19. a4 Qxb4 20. Rf1 Qb6 21.
Qd3 f6 22. Kh1 fxe5 23. fxe5 Qd8 24. Ra2 Qe8 25. Raf2 Qh5 26. h3 Qf5 27. Qb3
Bb4 28. Kh2 Qg6 29. Qd1 h6 30. Rg1 Qe4 31. Re2 Qg6 32. Rf2 Qh5 33. Rgf1 Rc7 34.
Qd3 Qf5 35. Qb3 Qe4 36. Kh1 Rcf7 37. Kh2 Qg6 38. Qd1 Bc3 39. Re2 Qb1 40. Rg1
Kh8 41. Rc2 Rxf3 42. gxf3 Bxd4 43. Qxd4 Qxc2+ 44. Kh1 Qf5 45. Rg3 Rf7 46. Qh4
Kh7 47. Qd4 b6 48. h4 Kh8 49. Qg1 Rd7 50. Bxh6 gxh6 51. Rg8+ Kh7 52. Qg3 Rf7
53. Kg1 d4 54. h5 d3 55. Kh2 Qxh5+ 56. Kg1 Qf5 57. f4 d2 58. Kf2 Qxf4+ 0-1

[Event "NJSK 2019 Jeugd A"]
[Site "Assen, Netherlands"]
[Date "2019.05.02"]
[Round "5.9"]
[White "Van Aken, Jelmer"]
[Black "Van Randtwijk, Mick"]
[Result "0-1"]
[WhiteElo "1698"]
[BlackElo "2168"]
[PlyCount "70"]
[EventDate "2019.??.??"]

1. e4 c5 2. Nf3 d6 3. d4 cxd4 4. Nxd4 Nf6 5. Nc3 a6 6. Be3 e5 7. Nb3 Be6 8. f3
h5 9. Qd2 Nbd7 10. O-O-O Be7 11. Nd5 Bxd5 12. exd5 Nb6 13. Bxb6 Qxb6 14. Kb1
Nd7 15. Na5 Qc7 16. Be2 Bd8 17. Nc4 b5 18. Ne3 Bg5 19. Rhe1 Rc8 20. Bd3 Nb6 21.
Bf5 Rb8 22. Qe2 g6 23. Be4 O-O 24. g4 Nc4 25. Nxc4 bxc4 26. gxh5 c3 27. b3 Qc5
28. Ka1 Qa3 29. Rb1 Rfc8 30. Bd3 Rb4 31. Qf2 Rc5 32. Qxc5 dxc5 33. d6 Rd4 34.
d7 Rxd7 35. Rg1 Rxd3 0-1

[Event "NJSK 2019 Jeugd A"]
[Site "Assen, Netherlands"]
[Date "2019.05.03"]
[Round "6.1"]
[White "Van Dael, Siem"]
[Black "Vrolijk, Liam"]
[Result "1/2-1/2"]
[WhiteElo "2206"]
[BlackElo "2465"]
[PlyCount "20"]
[EventDate "2019.??.??"]

1. e4 e5 2. Nf3 Nc6 3. Bc4 Bc5 4. d3 Nf6 5. Nc3 h6 6. a3 a6 7. Be3 Bxe3 8. fxe3
d6 9. O-O O-O 10. Qe1 Be6 1/2-1/2

[Event "NJSK 2019 Jeugd A"]
[Site "Assen, Netherlands"]
[Date "2019.05.04"]
[Round "7.3"]
[White "Pols, Wiggert"]
[Black "Van Dael, Siem"]
[Result "0-1"]
[WhiteElo "2104"]
[BlackElo "2206"]
[PlyCount "126"]
[EventDate "2019.??.??"]

1. e4 c5 2. Nc3 e6 3. Nge2 Nc6 4. g3 Nge7 5. Bg2 g6 6. d4 cxd4 7. Nxd4 Bg7 8.
Ndb5 O-O 9. Bf4 d5 10. exd5 exd5 11. O-O d4 12. Ne4 a6 13. Nc7 Ra7 14. c4 Ne5
15. Nd5 Nxd5 16. cxd5 Bg4 17. Qb3 b5 18. Rfe1 Re8 19. a4 bxa4 20. Rxa4 Kh8 21.
Raa1 h6 22. h3 Bf5 23. g4 Bxe4 24. Bxe4 Rae7 25. Bd2 Nxg4 26. hxg4 Rxe4 27.
Rxe4 Rxe4 28. f3 Re5 29. d6 Qh4 30. Qd3 Qg3+ 31. Kf1 Rd5 32. Rxa6 Rxd6 33. Rxd6
Qxd6 34. b4 Bf6 35. Kg2 Bh4 36. f4 Qd5+ 37. Qf3 Qa2 38. Qe2 Kh7 39. Kh3 Bf6 40.
Qd3 Qd5 41. Kh2 Bd8 42. Kg1 f5 43. gxf5 gxf5 44. b5 Bb6 45. Kh2 Qe4 46. Qc4 Kg7
47. Qc8 Qe2+ 48. Kg3 Qxb5 49. Qb7+ Kg6 50. Qc8 Qb3+ 51. Kh4 Qf7 52. Kh3 Kh7 53.
Qa6 Bd8 54. Qd6 Qh5+ 55. Kg2 Qe2+ 56. Kh3 Qd3+ 57. Kg2 Qxd2+ 58. Kh3 Qe3+ 59.
Kg2 Qe4+ 60. Kg1 Be7 61. Qd7 d3 62. Qe8 Bc5+ 63. Kf1 Qh1# 0-1

[Event "NJSK 2019 Jeugd A"]
[Site "Assen, Netherlands"]
[Date "2019.05.04"]
[Round "7.4"]
[White "Halfhide, Sebastian"]
[Black "Elgersma, Simon"]
[Result "1-0"]
[WhiteElo "2274"]
[BlackElo "2137"]
[PlyCount "119"]
[EventDate "2019.??.??"]

1. c4 e6 2. Nf3 Nf6 3. b3 d5 4. Bb2 Be7 5. e3 c5 6. Be2 b6 7. O-O O-O 8. cxd5
Nxd5 9. d4 Bb7 10. Nbd2 Nd7 11. Rc1 Rc8 12. Nc4 b5 13. Nce5 Nxe5 14. Nxe5 a6
15. Bf3 f6 16. Nd3 c4 17. bxc4 bxc4 18. Nc5 Bxc5 19. dxc5 Qa5 20. Rxc4 Rxc5 21.
Rxc5 Qxc5 22. Bd4 Qc7 23. Qb3 Qf7 24. Rb1 Bc6 25. Be2 Qg6 26. f3 Ba4 27. Qb2
Bc2 28. Rc1 Bd3 29. Bd1 Rd8 30. Qd2 e5 31. Bc5 e4 32. f4 h5 33. Qa5 Rd7 34. Ba4
Bb5 35. Bxb5 axb5 36. Qxb5 Qg4 37. a4 Kh7 38. h3 Qf5 39. Qc4 Rc7 40. Qd4 Rd7
41. Qb2 g5 42. fxg5 Qxg5 43. Qf2 f5 44. Rd1 f4 45. exf4 Qf5 46. Kh1 Rc7 47. Bd6
Rc3 48. Be5 Rxh3+ 49. gxh3 Qxh3+ 50. Kg1 Qg4+ 51. Kh2 Qxd1 52. Qg2 Qg4 53.
Qxe4+ Kh6 54. Qxd5 Qh4+ 55. Kg2 Qg4+ 56. Kf1 h4 57. Qc6+ Kh7 58. Qc7+ Kh6 59.
Qg7+ Kh5 60. Qh7# 1-0

[Event "NJSK 2019 Jeugd A"]
[Site "Assen, Netherlands"]
[Date "2019.05.04"]
[Round "7.5"]
[White "Van Doren, Bas"]
[Black "Mesman, Edwyn"]
[Result "0-1"]
[WhiteElo "1945"]
[BlackElo "2224"]
[PlyCount "40"]
[EventDate "2019.??.??"]

1. e4 d5 2. exd5 Nf6 3. d4 Bg4 4. Bb5+ Nbd7 5. Ne2 Nxd5 6. O-O c6 7. Bc4 e6 8.
Qe1 Bd6 9. Ng3 O-O 10. Nd2 e5 11. h3 Be6 12. Nge4 Be7 13. Nf3 N7b6 14. Bb3 exd4
15. Nxd4 Bd7 16. c4 Nf6 17. Bf4 Re8 18. Ng5 Nh5 19. Qe5 Bf6 20. Nxf7 Bxe5 0-1

[Event "NJSK 2019 Jeugd A"]
[Site "Assen, Netherlands"]
[Date "2019.05.04"]
[Round "7.6"]
[White "Ypma, Jord"]
[Black "Van Randtwijk, Mick"]
[Result "0-1"]
[WhiteElo "1854"]
[BlackElo "2168"]
[PlyCount "112"]
[EventDate "2019.??.??"]

1. d4 Nf6 2. c4 e6 3. Nc3 Bb4 4. Qc2 Nc6 5. Nf3 d6 6. Bd2 Qe7 7. a3 Bxc3 8.
Bxc3 e5 9. d5 Nb8 10. e4 Bg4 11. Nd2 Nbd7 12. g3 a5 13. Bg2 a4 14. O-O Nc5 15.
Rae1 g5 16. f4 gxf4 17. gxf4 Rg8 18. Kh1 Nh5 19. fxe5 Qh4 20. Nf3 Bxf3 21. Rxf3
Nf4 22. Rxf4 Qxf4 23. exd6 Qxd6 24. Bb4 b6 25. Qe2 Qg6 26. Bxc5 bxc5 27. e5 Rb8
28. Be4 Qg4 29. Bf3 Qf5 30. d6 Kd8 31. Bd5 Re8 32. dxc7+ Kxc7 33. Qe3 Kb6 34.
b4 axb3 35. Qxb3+ Ka5 36. Qc3+ Ka6 37. Be4 Qf2 38. Rg1 Rg8 39. Rxg8 Rxg8 40.
Qc1 Qd4 41. Qb1 Qd7 42. Bd5 Re8 43. Qb2 Re7 44. Qb8 Re8 45. Qb2 Ka7 46. Qf2 Qc7
47. Qc2 Qa5 48. Qf2 Re7 49. Qe3 Qb6 50. Qf2 Rxe5 51. Qxf7+ Ka6 52. Qd7 Qb1+ 53.
Kg2 Re2+ 54. Kg3 Qg1+ 55. Kf4 Qd4+ 56. Kf5 Re5+ 0-1

[Event "NJSK 2019 Jeugd A"]
[Site "Assen, Netherlands"]
[Date "2019.05.04"]
[Round "7.7"]
[White "Van Roon, Sjoerd"]
[Black "Van Foreest, Machteld"]
[Result "1/2-1/2"]
[WhiteElo "2115"]
[BlackElo "2065"]
[PlyCount "54"]
[EventDate "2019.??.??"]

1. e4 e5 2. Nf3 Nc6 3. d4 exd4 4. c3 d5 5. exd5 Qxd5 6. cxd4 Bg4 7. Be2 Bb4+ 8.
Nc3 O-O-O 9. O-O Qd7 10. a3 Bd6 11. Be3 Nf6 12. Rc1 Kb8 13. Qa4 Ne7 14. Bb5 Qf5
15. Ne5 Nfd5 16. Bd3 Qe6 17. Bc4 f6 18. Nxd5 Nxd5 19. Nxg4 Qxg4 20. h3 Qe4 21.
Qc2 Qxc2 22. Rxc2 Nxe3 23. fxe3 Rhe8 24. Kf2 Re7 25. Rc3 Rde8 26. Rb3 Kc8 27.
Kf3 f5 1/2-1/2

[Event "NJSK 2019 Jeugd A"]
[Site "Assen, Netherlands"]
[Date "2019.05.04"]
[Round "7.8"]
[White "Ghebreab, Elnathan"]
[Black "Reichardt, Robin"]
[Result "1/2-1/2"]
[WhiteElo "1882"]
[BlackElo "2061"]
[PlyCount "35"]
[EventDate "2019.??.??"]

1. e4 e5 2. Nc3 Nf6 3. Bc4 Nc6 4. d3 Na5 5. Nge2 Be7 6. Ng3 O-O 7. Nf5 Bb4 8.
Qf3 Bxc3+ 9. bxc3 Nxc4 10. Qg3 Nh5 11. Qh3 g6 12. g4 Nf4 13. Qh6 gxf5 14. Bxf4
exf4 15. gxf5 Kh8 16. Rg1 Rg8 17. Rxg8+ Qxg8 18. Qf6+ 1/2-1/2

[Event "NJSK 2019 Jeugd A"]
[Site "Assen, Netherlands"]
[Date "2019.05.04"]
[Round "7.9"]
[White "Achuthan, Dylan"]
[Black "Van Aken, Jelmer"]
[Result "1/2-1/2"]
[WhiteElo "1863"]
[BlackElo "1698"]
[PlyCount "89"]
[EventDate "2019.??.??"]

1. e4 c5 2. Nf3 d6 3. c3 Nf6 4. Be2 Nbd7 5. d3 b6 6. O-O Bb7 7. h3 e6 8. Be3
Be7 9. Nh2 d5 10. exd5 Nxd5 11. c4 Nxe3 12. fxe3 Bg5 13. Qd2 Ne5 14. Ng4 Qc7
15. d4 Nxg4 16. Bxg4 Rd8 17. Qf2 cxd4 18. exd4 Bf6 19. d5 Qxc4 20. Kh1 Qxd5 21.
Nc3 Qd2 22. Bf3 Qxf2 23. Rxf2 Bxf3 24. Rxf3 Ke7 25. Raf1 Rhf8 26. Nb5 Rd7 27.
R1f2 Rfd8 28. g4 a6 29. g5 axb5 30. gxf6+ gxf6 31. Rxf6 Rd1+ 32. Kh2 Rf8 33.
Rh6 Rd6 34. Rxh7 e5 35. Rh5 Ke6 36. Rhf5 f6 37. h4 e4 38. Rxb5 f5 39. Rb4 e3
40. Rf1 Rd2+ 41. Kg3 f4+ 42. Rbxf4 Rxf4 43. Rxf4 Ke5 44. Rd4 Rf2 45. Rb4
1/2-1/2

[Event "NJSK 2019 Jeugd A"]
[Site "Assen, Netherlands"]
[Date "2019.05.04"]
[Round "7.10"]
[White "Emans, Job"]
[Black "Gijsen, William"]
[Result "1/2-1/2"]
[WhiteElo "1945"]
[BlackElo "2041"]
[PlyCount "90"]
[EventDate "2019.??.??"]

1. d4 d5 2. c4 c6 3. Nc3 Nf6 4. Nf3 e6 5. e3 a6 6. Qc2 c5 7. cxd5 exd5 8. g3
Nc6 9. Bg2 Nb4 10. Qd1 Bf5 11. O-O c4 12. Ne1 Be7 13. a3 Nd3 14. Nxd3 Bxd3 15.
Re1 O-O 16. Qf3 Re8 17. Nxd5 Be4 18. Nxf6+ Bxf6 19. Qd1 Bxg2 20. Kxg2 Qd5+ 21.
Kg1 Re6 22. Bd2 h5 23. Bc3 Rae8 24. Re2 h4 25. Qf1 Qf5 26. Rae1 Bg5 27. f4 Bd8
28. Qf3 Re4 29. g4 Qe6 30. h3 Bc7 31. Kf1 g5 32. f5 Qd5 33. Kg2 b5 34. Rf1 f6
35. Ra1 a5 36. Be1 Qd6 37. Kg1 Bb6 38. Rd1 Qd5 39. Kf2 Kf7 40. Bc3 Bc7 41. Kg2
R8e7 42. Ra1 Ke8 43. Rd1 Kd7 44. Ra1 Kc6 45. Rd1 Kd7 1/2-1/2